000
00266nam a22001097a 4500
008
160519b xxu||||| |||| 00| 0 eng d
020
_a
0721644341
041
_a
eng
080
_a
618.2
245
_a
Sports injuries:
_c
James G. Garrick; David R. Webb;
942
_2
udc
_c
BK
999
_c
2261
_d
2261